000 00688nam a22002297a 4500
999 _c14553
_d14553
003 AR-CdUCM
008 190423b ||||| |||| 00| 0 spa d
020 _a978-84-9825-899-8
040 _aMUNICIPALIDAD PROVINCIAL DEL CUSCO
_cBIBLIOTECA MUNICIPAL DEL CUSCO
082 _aEP / 376.1 /
_bA35
100 _aAlcantara, Ricardo
_933363
245 _aMi Shi Yu /
260 _aBarcelona :
_bCombel,
_c2014.
300 _bIlustraciones,
_c29 cm.
500 _aNo tiene numeración de pagina
650 _aInfantil
_96210
650 _aLiteratura para niños
_933364
650 _aCuentos
_951619
700 _aLuciani, Rebeca
_933365
942 _2ddc
_cLIBROS
945 _adavv
_d23/04/2019